Sécurité collective et ordre public dans les sociétés anciennes
Na minha lista:
| Formato: | Livro |
|---|---|
| Idioma: | inglês francês |
| Publicado em: |
Ginebra
Fondation Hardt
2007
|
| coleção: | Entretiens sur l'Antiquité Classique, 54
|
| Assuntos: | |
| Tags: |
Adicionar Tag
Sem tags, seja o primeiro a adicionar uma tag!
|
MARC
| LEADER | 00000cam a2200000 a 4500 | ||
|---|---|---|---|
| 001 | UCG7881 | ||
| 003 | CL-VaPUC | ||
| 008 | 111014e20070000SZ |||||||||||||||||eng|d | ||
| 020 | |a 9782600007542 | ||
| 041 | 0 | 7 | |a eng |2 CL-VaPUC |
| 041 | 0 | 7 | |a fre |2 CL-VaPUC |
| 082 | 0 | 4 | |a 344.05 |b SEC |2 21 |
| 245 | 1 | 0 | |a Sécurité collective et ordre public dans les sociétés anciennes |
| 300 | |a 340 p | ||
| 942 | |c BK | ||
| 945 | |d 20111014 00:00:00 |a dcastane | ||
| 260 | |a Ginebra |b Fondation Hardt |c 2007 | ||
| 500 | |a Setp exposés suivis de discussions par Hans Van Wees, Werner Riess, Angelos Chaniotis, Cédric Brélaz, Andrew W. Lintott, Ramsay Macmullen, Yann Rivière. Entretiens préparés par Cedric Brélaz et Pierre Ducrey et présidés par Pierre Ducrey | ||
| 650 | 0 | |a Orden público |9 368427 | |
| 650 | 7 | |a LEGISLACION |2 CL-VaPUC |9 558360 | |
| 650 | 0 | |a Historia antigua |9 267521 | |
| 583 | |a last modification |c 20111014 14:55:00 |k Rodrigo Vera | ||
| 490 | 0 | |a Entretiens sur l'Antiquité Classique, 54 | |
| 999 | |c 345570 |d 345568 | ||
| 952 | |0 0 |1 0 |4 0 |6 344_050000000000000_SEC_2007 |7 0 |8 X |9 444476 |a BIBHIS |b BIBHIS |d 2019-11-22 |i 4790782 |l 1 |m 2 |o 344.05 SEC 2007 |p 4790782 |r 2024-01-30 |s 2022-01-13 |w 2019-11-22 |y BK_X |k HIS | ||